000 00639nam a2200205Ia 4500
003 GCL
008 140319s9999 xx 000 0 ara d
040 _aGCL /
_cGCL
082 0 4 _a001.5
_bب ا
100 1 _aبارنو، اريك
245 1 0 _aالاتصال بالجماهير : الصحافة والسينما والراديو والتليفزيون /
_cبارنو، اريك
700 1 _aعبدالحليم البشلاوى
700 1 _aصلاح عز الدين (مترجم)
300 _a416 ص
490 _a
650 0 4 _aالدعاية
650 0 4 _aالراى العام
650 0 4 _aالاذاعة
942 _2ddc
_cBK
999 _c42392
_d42392